Trasa linii M18 (Gliwice Centrum Przesiadkowe) - Statystyki

Ogólne statystyki
  • Ten quiz został rozwiązany 5 razy
  • Średni wynik to 10 z 27
Statystyki odpowiedzi
Przystanek % Poprawnych
27. Gliwice Centrum Przesiadkowe
100%
26. Gliwice Dworzec
100%
23. Gliwice Kujawska
80%
25. Gliwice Plac Piastów
60%
13. Mikołów Dworzec
60%
16. Wygoda Skrzyżowanie
60%
17. Borowa Wieś Świetlica
40%
22. Gliwice Arena Widowiskowo-Sportowa
40%
21. Gliwice Górna
40%
24. Gliwice Wrocławska
40%
18. Paniówki Skrzyżowanie
40%
19. Przyszowice Skrzyżowanie
40%
9. Tychy Dworzec PKP
40%
6. Tychy Osiedle "K"
40%
1. Tychy Osiedle "Z1"
40%
20. Gliwice Okrężna
20%
12. Mikołów Plac Synagogi
20%
14. Reta Hipermarket
20%
15. Śmiłowice Biblioteka
20%
8. Tychy Hotelowiec
20%
3. Tychy Osiedle "T"
20%
10. Wilkowyje Gospoda
20%
11. Mikołów Krakowska
0%
2. Tychy Jezioro Paprocańskie
0%
4. Tychy Piłsudskiego
0%
5. Tychy Skałka
0%
7. Tychy Stoczniowców 70
0%
Nie znaleziono quizów pasujących do podanych kryteriów
Rozkład punktacji
Procent ludzi z każdym wynikiem
Percentyl według liczby udzielonych odpowiedzi
Twoja historia wyników
Nie rozwiązałeś tego quizu